| 000 | 00590nam a2200169 i 4500 | ||
|---|---|---|---|
| 001 | 49382 | ||
| 003 | ES-MaACL | ||
| 005 | 20230906161936.0 | ||
| 007 | t| | ||
| 008 | 030715s1907 sp ||||1| spa d | ||
| 100 | 1 |
_aCortines y Murube, Felipe. _940952 |
|
| 245 | 1 | 0 |
_aIdeas jurÃdicas de Saavedra Fajardo _b: tesis presentada para obtener el grado de Doctor en Derecho / _cpor Felipe Cortines y Murube. |
| 260 |
_aSevilla : _b[s.n.], _c1907 ( _fLi. e imp. de Izquierdo y Ca.) |
||
| 502 | _aTesis doctoral. | ||
| 600 | 1 | 4 |
_aSaavedra Fajardo, Diego de. _9101141 |
| 852 |
_aES-MaACL _jT-1126-F-6 |
||
| 999 |
_c49382 _d49382 |
||